Manuel de cartographie : Principes, méthodes, applications (notice n° 1561484)
[ vue normale ]
| 000 -LEADER | |
|---|---|
| fixed length control field | 01529cam a2200145 4500500 |
| 005 - DATE AND TIME OF LATEST TRANSACTION | |
| control field | 20251109001925.0 |
| 041 ## - LANGUAGE CODE | |
| Language code of text/sound track or separate title | fre |
| 042 ## - AUTHENTICATION CODE | |
| Authentication code | dc |
| 100 10 - MAIN ENTRY--PERSONAL NAME | |
| Personal name | Lambert, Nicolas |
| Relator term | author |
| 245 00 - TITLE STATEMENT | |
| Title | Manuel de cartographie : Principes, méthodes, applications |
| 260 ## - PUBLICATION, DISTRIBUTION, ETC. | |
| Name of publisher, distributor, etc. | Armand Colin,<br/> |
| Date of publication, distribution, etc. | 2025.<br/> |
| 520 ## - SUMMARY, ETC. | |
| Summary, etc. | Ce manuel de cartographie tout en couleurs propose l’ensemble des outils et méthodes nécessaires pour concevoir, comprendre et interpréter des cartes.Quels fonds de cartes choisir&#8239;? Comment traiter les différents types de données&#8239;? Comment les traduire en langage cartographique&#8239;? Quelles variables visuelles (taille, forme, texture, couleur, etc.) utiliser, et pour quels effets&#8239;?Dans une approche plus critique, il permet également d’aller plus loin dans la conception cartographique, en présentant des méthodes innovantes et en détaillant les procédés de «mise en scène». À la fin de chaque partie, un exercice de mise en pratique des notions abordées, présenté sous la forme d’un jeu, permettra de réaliser une carte finalisée.Avec plus de 120 figures inédites, de nombreux encadrés, définitions et compléments pédagogiques, cet ouvrage constitue une véritable initiation à la cartographie, perçue à la fois comme art de représenter le monde et arme de combat pour le décrypter. |
| 700 10 - ADDED ENTRY--PERSONAL NAME | |
| Personal name | Zanin, Christine |
| Relator term | author |
| 856 41 - ELECTRONIC LOCATION AND ACCESS | |
| Uniform Resource Identifier | <a href="https://shs.cairn.info/manuel-de-cartographie-2ed--9782200639358?lang=fr&redirect-ssocas=7080">https://shs.cairn.info/manuel-de-cartographie-2ed--9782200639358?lang=fr&redirect-ssocas=7080</a> |
Pas d'exemplaire disponible.




Réseaux sociaux